Abramos paso a la oportunidad de un tinte de verdad (Record no. 120724)
[ view plain ]
| 000 -CABECERA | |
|---|---|
| campo de control de longitud fija | 00519nab a2200181 a 4500 |
| 005 - FECHA Y HORA DE LA ÚLTIMA TRANSACCIÓN | |
| campo de control | 20210219155614.0 |
| 008 - ELEMENTOS DE LONGITUD FIJA--INFORMACIÓN GENERAL | |
| campo de control de longitud fija | 991125s1985 mx 000 0 spa u |
| 035 ## - NÚMERO DE CONTROL DEL SISTEMA | |
| Número de control de sistema | UPN01000148583 |
| 100 1# - ASIENTO PRINCIPAL--NOMBRE PERSONAL | |
| Nombre de persona | Cervantes Soriano, Tania |
| 222 ## - TÍTULO CLAVE | |
| Título clave | REVISTA MEXICANA DE PEDAGOGIA |
| 245 ## - MENCIÓN DE TÍTULO | |
| Título | Abramos paso a la oportunidad de un tinte de verdad |
| 300 ## - DESCRIPCIÓN FÍSICA | |
| Extensión | 26-31 |
| 362 0# - FECHAS DE PUBLICACIÓN Y/O DESIGNACIÓN SECUENCIAL | |
| Fecha de publicación y/o designación secuencial | 2006 Año 17, no. 90, jul.-ago. |
| 653 0# - TERMINO DE INDIZACION - NO CONTROLADO | |
| Término no controlado | INDIGENAS |
| 653 0# - TERMINO DE INDIZACION - NO CONTROLADO | |
| Término no controlado | DISCRIMINACION |
| 653 0# - TERMINO DE INDIZACION - NO CONTROLADO | |
| Término no controlado | IGUALDAD DE OPORTUNIDADES |
| 905 ## - TIPO DE MATERIAL | |
| Tipo de material | Articulo |
No items available.
